Cultural specifics in advertising bakalárska práca

Saved in:
Bibliographic Details
Main Author: Rášová, Simona
Corporate Author: Fakulta aplikovaných jazykov EU v Bratislave. Katedra interkultúrnej komunikácie
Other Authors: Hrivíková, Tatiana, 1959-
Format: Book
Language:English
Published: Bratislava 2016
Tags: Add Tag
No Tags, Be the first to tag this record!

MARC

LEADER 00000nbm a2200000 4500
001 0217404
005 20170130103228.1
041 0 |a eng 
044 |a SK 
245 1 0 |a Cultural specifics in advertising  |b bakalárska práca  |c Simona Rášová ; školiteľ: Tatiana Hrivíková 
264 1 |a Bratislava  |c 2016 
300 |a 47 s. 
100 1 |a Rášová, Simona 
700 1 |a Hrivíková, Tatiana, 1959- 
710 2 |a Fakulta aplikovaných jazykov EU v Bratislave. Katedra interkultúrnej komunikácie